000 00851nam0a22002531 4500
001 rc\4822269
005 20250612224602.0
021 _aRU
_b[63-102699]
035 _a(NLR Aleph) 008883310
090 _a8595738
_c8595738
100 _a20130426d1963 |||y0rusy50 ca
101 0 _arus
102 _aRU
105 _ay z |||||
200 1 _aРезервы роста производительности труда в мясной промышленности
210 _aМосква
_cПищепромиздат
_d1963
215 _a194 с.
_d22
606 _aМясное производство
_xПроизводительность труда
_2psbo
700 1 _aШницер
_bС.С.
_gСоломон Соломонович
801 0 _aRU
_bNLR
_gpsbo
801 1 _aRU
_bELAR
_2rusmarc
852 _aNLR
_j64-5/490
942 _cBOOK
980 _aNB